000
00220nam a2200085Ia 4500
245
0
_a
Ancient medicine
100
_a
Langley, Andrew, London, 2012
_9
86030
942
_c
BK
008
210817s9999 xx 000 0 und d
999
_c
325283
_d
325282